000 00590nam a22001937a 4500
003 DO-CoUTE
005 20260518151342.0
008 260518b dr ||||| |||| 00| 0 spa d
040 _cDO-CoUTE
_aDO-CoUTE
_bSpa
082 _aRD920.083C355N
100 1 _aBurdiez Castro, tomas
_eAutor
245 1 0 _aNeruda y Santo Domingo /
_cTomas Castro Burdiez
260 _aRepublica Dominicana ;
_bDucarte
_c2004
300 _a20 Paginas ;
_c22cm,
504 _aIncluye referencia bibliográfica e índice.
650 _aPoema
700 1 _aTomas Castro Burdiez
_eAutor
942 _2ddc
_cBK
999 _c24201
_d24201